Normal view
MARC view
- Osborne Pope Mary
Entry Personal Name
001 - CONTROL NUMBER
- control field: 7376
003 - CONTROL NUMBER IDENTIFIER
- control field: OSt
005 - DATE AND TIME OF LATEST TRANSACTION
- control field: 20191128132553.0
008 - FIXED-LENGTH DATA ELEMENTS
- fixed length control field: 191128|| aca||aabn | a|a d
040 ## - CATALOGING SOURCE
- Original cataloging agency: OSt
- Transcribing agency: OSt
100 ## - HEADING--PERSONAL NAME
- Personal name: Osborne Pope Mary
670 ## - SOURCE DATA FOUND
- Source citation: Work cat.: (OSt): Osborne Pope Mary, Dolphins at Daybreak, 1998